01280 2200205 4500001002100000005001500021008004100036035002000077082000800097084001400105100001500119245006100134250000600195260003800201300001100239520079000250650001001040990001201050990001201062INLIS00000000000088820240604084425240604 1 ind  a0010-0524000123 a813 a813 JEN m aFin, Jenni1 aMama Papa Kepo Banget Sih ? Apa Itu X- Box? /cJenni Fin a1 aYogyakarta :bSheila/ Andi,c2013 a86 hlm aKamu pasti pernah merasa kepo kan? Nah, di dalam keseharian, ada sebagian orang tua yang suka merasa khawatir dan bingung melihat pertumbuhan anak-anaknya yang sedang beranjak remaja. Seringkali, papa dan mama memiliki keingintahuan yang besar tentang dunia anak-anaknya yang baru gede tersebut. Di sisi lain, anak-anak yang sedang mencari jati diri ini pun sering merasa tertekan menghadapi tindakan orangtuanya itu. Buku ini tidak bermaksud menggurui, atau menasehati. Buku ini berisi pertanyaan-pertanyaan sederhana yang mewakili isi hati orang tua dan jawaban-jawaban singkat dari sebagian anak remaja yang berada di sekitar kita. Penulis mencatat beberapa percakapan singkat antara orang tua dan beberapa ABG (Anak Baru Gede). Merasa kepo kan? Yuk ikuti ceritanya dalam buku ini. 4aFiksi a0741376 a0741377